Fruit, Vegetable, and Junk Food Sort Quiz Stats

Quiz Updated Dec 18, 2014

Challenge
Share
Tweet
Embed
Score 0/36 Timer 03:00
2 Plays Today
% Correct
Apple
98.8%
Carrots
97.1%
Celery
95.3%
Orange
95.2%
Lettuce
95.2%
Lemon
94.7%
Cheetos
94.5%
Pear
94.4%
Doritos
94.3%
Kale
94.2%
Spinach
94.1%
Potato Chips
93.9%
Donuts
93.9%
M&Ms
93.8%
Fig
93.5%
Pineapple
93.2%
Plum
93.1%
Coconut
93%
% Correct
Oreos
92.8%
Raspberry
92.7%
Snickers
92.7%
Collard Greens
92.6%
Twinkies
92.1%
Reese's Pieces
91.3%
Baby Ruth
90.9%
Yams
88.7%
Rhubarb
88.5%
Moonpie
88.4%
Kohlrabi
79.1%
Cassava
74.1%
Yodels
73%
Taro
64.2%
Cardoon
59.9%
Rose hip
52.4%
Cherimoya
46.5%
Lucuma
45.1%

You're not logged in!

Compare scores with friends on all Sporcle quizzes.
Sign Up with Email
OR
Log In

You Might Also Like...

Show Comments

Extras

Top Quizzes Today


Score Distribution

Your Account Isn't Verified!

In order to create a playlist on Sporcle, you need to verify the email address you used during registration. Go to your Sporcle Settings to finish the process.